Score 0/15 Timer 03:00
2 Plays Today
Question Answer Wrong Answers
Ocean's Trilogy Ocean's Ten
91.1%
Ocean's Eleven
0.5%
Ocean's Twelve
1.1%
Ocean's Thirteen
4%
The Lord of the Rings An Unexpected Journey
90.9%
The Fellowship of the Ring
0.8%
The Two Towers
1.9%
The Return of the King
3.1%
The Star Wars Prequels The Final Frontier
89.6%
The Phantom Menace
2.2%
Attack of the Clones
3.1%
Revenge of the Sith
1.8%
The Austin Powers Trilogy The Mystery Begins
89.2%
International Man of Mystery
1.9%
The Spy Who Shagged Me
1.7%
Goldmember
3.8%
The Dark Knight Trilogy Batman Forever
80.7%
Batman Begins
9.1%
The Dark Knight
2.6%
The Dark Knight Rises
4.4%
The Original Star Wars Trilogy The Force Awakens
80.1%
A New Hope
14.3%
The Empire Strikes Back
1.1%
Return of the Jedi
1.2%
Rugrats Reptar: The Movie
77.7%
The Rugrats Movie
3.3%
Rugrats in Paris: The Movie
4.8%
Rugrats Go Wild
10.7%
The Robert Langdon Trilogy The Lost Symbol
71%
The Da Vinci Code
2.4%
Angels & Demons
2.2%
Inferno
20.9%
Millennium Trilogy The Girl with the Pearl Earring
68.5%
The Girl with the Dragon Tattoo
3.5%
The Girl Who Played with Fire
7.5%
The Girl Who Kicked the Hornets' Nest
17%
The Before Trilogy Before Night Falls
65.6%
Before Sunrise
8.3%
Before Sunset
10.3%
Before Midnight
12%
Dollars Trilogy Once Upon a Time in the West
63.7%
A Fistful of Dollars
5.1%
For A Few Dollars More
12.5%
The Good, The Bad and the Ugly
15%
The Vengeance Trilogy Die Hard with a Vengeance
61.3%
Sympathy for Mr. Vengeance
7.3%
Oldboy
22.9%
Lady Vengeance
4.8%
Three Colours Trilogy Three Colours: Black
56.3%
Three Colours: White
18.5%
Three Colours: Red
7.3%
Three Colours: Blue
13.9%
Mexico Trilogy The Road to El Dorado
53.1%
El Mariachi
20.4%
Desperado
7.5%
Once Upon a Time in Mexico
15.4%
The Naked Gun Naked Gun: Police Squad!
50.5%
The Naked Gun: From the Files of Police Squad!
27.2%
The Naked Gun 2 1/2: The Smell of Fear
8.6%
Naked Gun 33 1/3: The Final Insult
10%
Remove Ads.
Support Sporcle.
Get the best of Sporcle when you Go Orange. This ad-free experience offers more features, more stats, and more fun while also helping to support Sporcle. Thank you for becoming a member.

You're not logged in!

Compare scores with friends on all Sporcle quizzes.
OR
Log In

Show Comments

Extras

Top Quizzes Today


Score Distribution

Your Account Isn't Verified!

In order to create a playlist on Sporcle, you need to verify the email address you used during registration. Go to your Sporcle Settings to finish the process.

Report this User

Report this user for behavior that violates our Community Guidelines.

Details: